| Поле | Название | Значение |
| |
Тип записи |
a |
| |
Библиографический уровень |
m |
| 001 |
Контрольный номер |
RU/URAIT/588178 |
| 005 |
Дата корректировки |
20260429163606.2 |
| 008 |
Кодируемые данные |
260429s2026 RU y f j 000 0 rus u |
| 020 |
Индекс ISBN |
__ |
| a |
ISBN |
978-5-534-20625-8 |
| c |
Цена, тираж |
749.00 |
| 040 |
Источник каталогиз. |
__ |
| a |
Служба первич. каталог. |
ИКО Юрайт |
| c |
Служба, преобразующая запись |
ИКО Юрайт |
| e |
Правила каталог. |
RCR |
| 041 |
Код языка издания |
__ |
| a |
Код языка текста |
rus |
| 044 |
Код страны публикации |
__ |
| a |
Код страны публикации |
RU |
| 080 |
Индекс УДК |
__ |
| a |
Индекс УДК |
528(075.32) |
| 084 |
Индекс другой классификации/Индекс ББК |
__ |
| 2 |
Источник индекса |
rubbk |
| a |
Индекс другой классификации/Индекс ББК |
26.1я723 |
| 100 |
Автор |
__ |
| a |
Автор |
Огуреева Г. Н. |
| q |
Полное имя |
Огуреева Галина Николаевна |
| 245 |
Заглавие |
__ |
| a |
Заглавие |
Экологическое картографирование |
| b |
Продолж. заглавия |
учебное пособие для спо |
| c |
Ответственность |
Г. Н. Огуреева, Т. В. Котова, Л. Г. Емельянова. |
| 250 |
Сведения об издании |
__ |
| g |
|
испр. и доп |
| a |
Основные сведения об издании |
3-е изд. |
| 256 |
Характеристики компьютерного файла |
__ |
| a |
Характеристики компьютерного файла |
Электрон. дан. |
| 260 |
Выходные данные |
__ |
| a |
Место издания |
Москва |
| b |
Издательство |
Юрайт |
| c |
Дата издания |
2026 |
| 300 |
Физическое описание |
__ |
| a |
Объем |
138 с |
| 440 |
Серия |
__ |
| a |
Серия |
Профессиональное образование |
| 500 |
Примечания |
__ |
| a |
Примечание |
URL: https://urait.ru/bcode/588178 (дата обращения: 29.04.2026). |
| 520 |
Аннотация |
__ |
| a |
Аннотация |
Курс знакомит с современными направлениями биоэкологического картографирования. Они представлены на примере отечественных и зарубежных картографических произведений. Предметом рассмотрения являются различные подходы к разработке содержания карт, особенностям организации легенд и принципам оформления карт. Цель курса — помочь пользователям освоить сложные методологические вопросы биоэкологического картографирования как действенного инструмента исследования биоты и экосистем в их естественном и трансформированном состоянии. Особое внимание уделено картам, обеспечивающим оценку состояния экосистем с использованием эколого-географического подхода. Курс подготовлен на основе многолетнего опыта преподавания на кафедре биогеографии географического факультета МГУ имени М. В. Ломоносова и оригинальных разработок авторов по биоэкологической тематике. Соответствует актуальным требованиям Федерального государственного образовательного стандарта среднего профессионального образования и профессиональным требованиям. Для студентов образовательных учреждений среднего профессионального образования и широкого круга специалистов, работающих в области географии, экологии, природопользования и охраны природы. |
| 538 |
Прим. о системных особенностях |
__ |
| a |
Прим. о системных особенностях |
Режим доступа: Электронно-библиотечная система Юрайт, для авториз. пользователей |
| 653 |
Ключевые слова |
__ |
| a |
Ключевые слова |
Физическая география. Геология. Почвоведение |
| 653 |
Ключевые слова |
__ |
| a |
Ключевые слова |
Естественные науки |
| 653 |
Ключевые слова |
__ |
| a |
Ключевые слова |
Геодезия |
| 653 |
Ключевые слова |
__ |
| a |
Ключевые слова |
Инженерная геодезия |
| 653 |
Ключевые слова |
__ |
| a |
Ключевые слова |
Картография |
| 653 |
Ключевые слова |
__ |
| a |
Ключевые слова |
Общая картография |
| 653 |
Ключевые слова |
__ |
| a |
Ключевые слова |
Основы геодезии |
| 653 |
Ключевые слова |
__ |
| a |
Ключевые слова |
Прикладная геодезия и экологическое картографирование |
| 653 |
Ключевые слова |
__ |
| a |
Ключевые слова |
Составление картографических материалов и ведение кадастров с использованием компьютерных технологий |
| 653 |
Ключевые слова |
__ |
| a |
Ключевые слова |
Картографо-геодезическое сопровождение земельно-имущественных отношений |
| 653 |
Ключевые слова |
__ |
| a |
Ключевые слова |
Составление картографических материалов и ведение кадастров с применением аппаратно-программных средств и комплексов |
| 653 |
Ключевые слова |
__ |
| a |
Ключевые слова |
Основы инженерной геодезии |
| 653 |
Ключевые слова |
__ |
| a |
Ключевые слова |
Основы картографии |
| 653 |
Ключевые слова |
__ |
| a |
Ключевые слова |
Изыскательская практика (Геодезическая) |
| 700 |
Другие авторы |
__ |
| a |
Другие авторы |
Котова Т. В. |
| q |
Полное имя |
Котова Татьяна Викторовна |
| 700 |
Другие авторы |
__ |
| a |
Другие авторы |
Емельянова Л. Г. |
| q |
Полное имя |
Емельянова Людмила Георгиевна |
| 856 |
Электронный адрес документа |
40 |
| n |
Местонахождение сервера |
Юрайт |
| g |
|
Электронная книга |
| q |
Тип электронного формата |
html |
| h |
Имя пользователя |
ЮРАЙТ |
| v |
Часы доступа к ресурсу |
20271231 |
| 2 |
Способ доступа |
Показать документ |
| x |
Служебное примечание |
https://urait.ru/book/cover/20AB883B-A07C-41CA-B25C-A8BC183B6C06 |
| u |
URL |
https://urait.ru/bcode/588178 |
| 856 |
Электронный адрес документа |
48 |
| q |
Тип электронного формата |
cover |
| u |
URL |
https://urait.ru/book/cover/20AB883B-A07C-41CA-B25C-A8BC183B6C06 |
| 911 |
|
__ |
| u |
|
0030=https://urait.ru/bcode/588178 |
| 911 |
|
__ |
| u |
|
073a=9785534206258 |
| u |
|
073d=749.00 |
| 911 |
|
__ |
| u |
|
106a=s |
| 911 |
|
__ |
| u |
|
900l= |
| 952 |
Тип литературы |
__ |
| i |
Дисциплина |
Геодезия |
| 952 |
Тип литературы |
__ |
| i |
Дисциплина |
Инженерная геодезия |
| 952 |
Тип литературы |
__ |
| i |
Дисциплина |
Картография |
| 952 |
Тип литературы |
__ |
| i |
Дисциплина |
Общая картография |
| 952 |
Тип литературы |
__ |
| i |
Дисциплина |
Основы геодезии |
| 952 |
Тип литературы |
__ |
| i |
Дисциплина |
Прикладная геодезия и экологическое картографирование |
| 952 |
Тип литературы |
__ |
| i |
Дисциплина |
Составление картографических материалов и ведение кадастров с использованием компьютерных технологий |
| 952 |
Тип литературы |
__ |
| i |
Дисциплина |
Картографо-геодезическое сопровождение земельно-имущественных отношений |
| 952 |
Тип литературы |
__ |
| i |
Дисциплина |
Составление картографических материалов и ведение кадастров с применением аппаратно-программных средств и комплексов |
| 952 |
Тип литературы |
__ |
| i |
Дисциплина |
Основы инженерной геодезии |
| 952 |
Тип литературы |
__ |
| i |
Дисциплина |
Основы картографии |
| 952 |
Тип литературы |
__ |
| i |
Дисциплина |
Изыскательская практика (Геодезическая) |